header

RF linear accelerators for medical and industrial applications (Record no. 185693)

MARC details
000 -LEADER
fixed length control field 01228nam a2200313 a 4500
100 1# - MAIN ENTRY--AUTHOR NAME
Personal name Hanna, Samy.
245 10 - TITLE STATEMENT
Title RF linear accelerators for medical and industrial applications
260 ## - PUBLICATION, DISTRIBUTION, ETC. (IMPRINT)
Place of publication Boston :
Name of publisher Artech House,
Year of publication 2012.
300 ## - PHYSICAL DESCRIPTION
Number of Pages xi, 202 p. :
Other physical details ill.
490 1# - SERIES STATEMENT
Series statement Artech House microwave library
650 #0 - SUBJECT ADDED ENTRY--TOPICAL TERM
Topical Term Linear accelerators.
Topical Term Linear accelerators in medicine.
856 40 - ELECTRONIC LOCATION AND ACCESS
Uniform Resource Identifier http://site.ebrary.com/lib/rucke/Doc?id=10583831

No items available.

© 2026 Rongo University
Contact us: librarian | system librarian | Rongo university